000 00939nam a22003017a 4500
003 CHAP
005 20220329135104.0
008 971013s r 00010 d
010 _a30742
011 _a31714
035 _a35826
040 _cCHAP
090 _aFolleto 9224
110 _aNational Fertilizer Development Center. Muscle Shoals, Ala.
_980349
245 _aProgress
260 _aMuscle Shoals, Ala. :
_bThe Center,
_c198-
300 _av.
_b: ilus.
500 _aLa biblioteca : 1982, 1983, 1984
590 _aBATCH-UPD
_b10
_c20130110
_lUCH01
_h1707
590 _aBATCH-UPD
_b10
_c20130410
_lUCH01
_h1054
590 _aBATCH-UPD
_b10
_c20130914
_lUCH01
_h1403
590 _aCONVERSION
_b10
_c20130109
_lUCH01
_h1317
650 1 4 _aFertilizantes
_xExperimentación.
_940565
650 1 4 _aFertilizantes
_xIndustria
_xE.U.A.
_940573
901 _aBK
942 _cFOLL
949 _aFolleto 9224
_bBC
_cFOLL
_d-82756
_eTS1
_i35826
_si
999 _c30742
_d30742